000 00667nam a22001937a 4500
005 20141030122123.0
010 _aENG-111046
020 _c499.00
_a9789350098561
035 _aEN-94578
037 _bDBAD/PUB
082 _a791.430954
100 _aDwyer, Rachel
245 _aPicture abhi baaki hai :
_cby Rachel Dwyer
_bbollywood as a guide to modern India /
260 _aGurgaon
_bHachette Book Publishing
_c2014
270 _bGurgaon
_e122001
_a4th & 5th Floors, Corporate Centre, Plot No.94, Sector-44
300 _a295p. :
_c23cm(pbk)
_bill.
500 _aIncludes bibliographical references and index
942 _2ddc
_cEN
_mDWY
_h791.430954
999 _c89594
_d89594